Poética, narrativa, papeles personales

Guardat en:
Dades bibliogràfiques
Autor principal: Bécquer, Gustavo Adolfo (Autor)
Format: Llibre
Idioma:espanyol
Publicat: Madrid Alianza 1970
Col·lecció:Libro de Bolsillo. Sección Clásicos
Matèries:
Etiquetes: Afegir etiqueta
Sense etiquetes, Sigues el primer a etiquetar aquest registre!

MARC

LEADER 00000nam a2200000 a 4500
001 UCT6756
003 CL-VaPUC
008 970113e19700000SP |||||||||||||||||spa|d
082 0 4 |a 860.8  |b BEC  |2 21 
100 0 |a Bécquer, Gustavo Adolfo  |e author  |9 317836 
245 1 0 |a Poética, narrativa, papeles personales 
300 |a 231 p 
942 |c BK 
945 |d 19970113 00:00:00  |a nastorga 
260 |a Madrid  |b Alianza  |c 1970 
650 0 |a Antologías  |9 309836 
650 0 |a Poesía   |9 265825 
650 7 |a LEYENDAS  |2 CL-VaPUC  |9 265258 
650 7 |a COSTUMBRES  |2 CL-VaPUC  |9 337506 
650 7 |a NARRACIONES  |2 CL-VaPUC  |9 318480 
650 0 |a Crítica literaria   |9 269189 
583 |a last modification  |c 19970113 00:00:00  |k Rodrigo Vera 
490 0 |a Libro de Bolsillo. Sección Clásicos 
999 |c 255432  |d 255430 
952 |0 0  |1 0  |4 0  |6 860_800000000000000_BEC_1970  |7 0  |8 A  |9 277663  |a BIBEDU  |b BIBEDU  |d 2019-11-19  |i 3023990  |o 860.8 BEC 1970  |p 3023990  |r 2019-11-19  |w 2019-11-19  |y BK  |k LIT